Organization development / (Record no. 205)

MARC details
000 -LEADER
fixed length control field 00717nam a22002057a 4500
003 - CONTROL NUMBER IDENTIFIER
control field OSt
005 - DATE AND TIME OF LATEST TRANSACTION
control field 20250811034756.0
008 - FIXED-LENGTH DATA ELEMENTS--GENERAL INFORMATION
fixed length control field 240605b |||||||| |||| 00| 0 eng d
020 ## - INTERNATIONAL STANDARD BOOK NUMBER
International Standard Book Number 9789719654254
040 ## - CATALOGING SOURCE
Original cataloging agency DWCL-Main Lib.
Transcribing agency OC
082 ## - DEWEY DECIMAL CLASSIFICATION NUMBER
Classification number Fil. 658.406 F634o 2016
100 ## - MAIN ENTRY--PERSONAL NAME
Personal name Flores, Marivic F.
245 ## - TITLE STATEMENT
Title Organization development /
Statement of responsibility, etc. Marivic F. Flores & Rodolfo L. Ducut
260 ## - PUBLICATION, DISTRIBUTION, ETC.
Place of publication, distribution, etc. Intramuros Manila, Philippines :
Name of publisher, distributor, etc. Unlimited Books Library Services & Publishing Inc.,
Date of publication, distribution, etc. c2016.
300 ## - PHYSICAL DESCRIPTION
Extent viii, 395 pages :
Other physical details illustrations ;
Dimensions 23cm
504 ## - BIBLIOGRAPHY, ETC. NOTE
Bibliography, etc. note Includes bibliographical references.
650 ## - SUBJECT ADDED ENTRY--TOPICAL TERM
Topical term or geographic name entry element 1. Organizational development.
700 ## - ADDED ENTRY--PERSONAL NAME
Personal name Ducut, Rodolfo L.
942 ## - ADDED ENTRY ELEMENTS (KOHA)
Source of classification or shelving scheme Dewey Decimal Classification
Koha item type Book-Filipiniana
Call number prefix Fil.
Suppress in OPAC No
952 ## - LOCATION AND ITEM INFORMATION (KOHA)
--
Holdings
Withdrawn status Lost status Source of classification or shelving scheme Damaged status Not for loan Home library Current library Shelving location Date acquired Source of acquisition Cost, normal purchase price Total Checkouts Full call number Barcode Date last seen Copy number Price effective from Koha item type Uniform Resource Identifier
    Dewey Decimal Classification     College Library College Library Filipiniana 01/20/2024 School Fund 395.00   Fil. 658.406 F634o 2016 CL54018 06/05/2024 c1 06/05/2024 BK - FIL